| 000 | 00812nam a22002417a 4500 | ||
|---|---|---|---|
| 001 | 3612 | ||
| 003 | FISKH | ||
| 005 | 20240326091712.0 | ||
| 008 | 240326b cb ||||| |||| 00| 0 eng d | ||
| 040 |
_aFISK _beng _cFISK _dFISK |
||
| 050 | _aPZ7.L97914 | ||
| 082 | _a519 | ||
| 100 |
_aLupica Mike _d1952- |
||
| 245 |
_aThe underdogs / _cMike Lupica |
||
| 260 |
_aNew York : _bScholastic, _c2012 |
||
| 300 |
_a280 pages : _c20 cm |
||
| 505 | _aO | ||
| 520 | _aSmall but fast twelve-year-old Will Tyler, an avid football player in the down-and-out town of Forbes, Pennsylvania, takes matters into his own hands to try and finance the city's football team, giving the whole community hope in the process. | ||
| 521 | 8 |
_a840 _bLexile |
|
| 700 | _aMike Lupica | ||
| 942 |
_2ddc _cBK _n0 |
||
| 999 |
_c3612 _d3612 |
||